00507 2200181 4500001002100000005001500021035002000036007000300056008004100059020002200100082001100122084001700133245006100150260003400211300004600245650001800291110001600309INLIS00000000000019520231018083249 a0010-1023000131ta231018 g 0 ind  a978-602-344-059-7 a655.41 a655.41 IAA b1 aBuku Pegangan Gaya Penerbitan IAARD Press /cIAARD Press aJakarta :bIAARD Press,c2015 axviii, 142 hlm, :bilus, ;c15 cm x 21 cm 4aBuku Pegangan0 aIAARD Press